| 000 | 00745cam a2200229 a 4500 | ||
|---|---|---|---|
| 001 | 990169521970107026 | ||
| 003 | UkOxU | ||
| 005 | 20240228150908.0 | ||
| 008 | 240228s2008 enkk 000 0 eng d | ||
| 020 | _a9781847037954 (pbk.) | ||
| 035 | _a(UkOxU)016952197 | ||
| 035 | _a(UkOxU)016952197BIB01 | ||
| 245 | 0 | 0 |
_aPre-construction services agreement : _b(specialist) : PCSA/SP. |
| 246 | 1 | 7 | _aPCSA/SP |
| 260 |
_aLondon : _bSweet & Maxwell, _c2008 |
||
| 300 |
_aii, 27 p. : _bforms ; _c30 cm. |
||
| 490 | _aJCT Contracts 2008 | ||
| 500 | _aTitle from cover. | ||
| 610 | 2 | 0 |
_aJoint Contracts Tribunal. _tPre-Construction Services Agreement. 2008. |
| 650 | 0 |
_aConstruction contracts _zGreat Britain. |
|
| 710 | 2 | _aJoint Contracts Tribunal. | |
| 999 |
_c121808 _d121808 |
||